| 000 | 01630cam a22003737a 4500 | ||
|---|---|---|---|
| 001 | 13476813 | ||
| 003 | ASAB | ||
| 005 | 20180827062721.0 | ||
| 008 | 040202s2003 it a b i100 0 eng d | ||
| 010 | _a 2004371959 | ||
| 020 | _a9251049661 | ||
| 035 | _a(OCoLC)ocm53907306 | ||
| 040 | _cASAB | ||
| 050 | 0 | 0 |
_aS591 _b.W875 no. 101 |
| 082 | _a631.4 | ||
| 240 | _aWorld Soil Resources Reports | ||
| 245 | 0 | 0 |
_aBiological management of soil ecosystems for sustainable agriculture : _breport of the International Technical Workshop, organized by EMBRAPA-Soybean and FAO, Londrina, Brazil 24 to 27 June 2002. _cby Scientific publishers (India), Jodhpur |
| 260 |
_aIndia : _bFood and Agriculture Organizaton for the United Nations, _c2003. |
||
| 300 |
_axii, 102 p. : _bcol. ill. ; _c30 cm. |
||
| 440 | 0 |
_aWorld soil resources reports, _x0532-0488 ; _v101 _92437 |
|
| 500 | _a"This workshop report has been prepared by the workshop facilitators, Sally Bunning ... and Adriana Montañez"--P. vi. | ||
| 504 | _aIncludes bibliographical references (p. 55). | ||
| 630 |
_aBiological management _93740 |
||
| 630 |
_aSoil Ecosystem _93741 |
||
| 630 |
_aSustainable Agriculture _93742 |
||
| 650 | 0 |
_aSustainable agriculture _vCongresses. _92438 |
|
| 700 | 1 |
_aBunning, Sally. _92439 |
|
| 700 | 1 |
_aMontañez, Adriana. _92440 |
|
| 710 | 2 |
_aEmpresa Brasileira de Pesquisa Agropecuária. _92441 |
|
| 710 | 2 |
_aFood and Agriculture Organization of the United Nations. _92442 |
|
| 906 |
_a7 _bcbc _ccopycat _d3 _encip _f20 _gy-gencatlg |
||
| 942 |
_2ddc _cBK |
||
| 999 |
_c480372 _d480372 |
||